00420nam a22001457a 450000500170000000800410001702000170005804100080007508200100008310000210009324500890011426000350020330000090023865000270024720160429101753.0160429b xxu||||| |||| 00| 0 eng d a81-2032207-x aeng b00750 aTriebel, Waltera aThe 8088 and 8086 Mcroprocessors - Programming interfacing, Software, Hardware appl. aNew DelhibPHI Pvt Ltd. c2004 a1019 aInformation Technology